|
|
|
|
| LEADER |
01405cam a22003611a 4500 |
| 001 |
000041248 |
| 003 |
17548 |
| 005 |
20220826093316.0 |
| 008 |
170413s2008 vm 000 rus |
| 041 |
|
|
|a rus
|
| 082 |
|
|
|a 646.4009
|b NG-H
|
| 100 |
|
|
|a Phạm Thị Hồng
|
| 245 |
|
0 |
|a NHỮNG TỪ CHỈ Y PHỤC CỦA NGƯỜI NGA VÀ NGƯỜI VIỆT XÉT TỪ CÁC GÓC ĐỘ ĐỐI CHIẾU /
|c Phạm Thị Hồng.
|
| 260 |
|
|
|a ĐHNN,
|c 2008.
|
| 300 |
|
|
|a 228tr . : ill ; 30cm.
|
| 650 |
|
|
|a NHỮNG TỪ CHỈ Y PHỤC CỦA NGƯỜI NGA VÀ NGƯỜI VIỆT, Y PHỤC CỦA NGƯỜI NGA, Y PHỤC CỦA NGƯỜI VIỆT
|
| 653 |
|
|
|a Phạm Thị Hồng,2008
|
| 653 |
|
|
|a Y Phục người Nga
|
| 653 |
|
|
|a Y Phục người Việt
|
| 653 |
|
|
|a Tiếng Nga
|
| 852 |
|
|
|b Luận án Tiến sĩ
|c Tiếng Nga
|
| OWN |
|
|
|a LNN
|
| AVA |
|
|
|a UDN50
|b LNN
|c Russian
|d 646.4009 PH-H
|e available
|t Error 5001 Not defined in file expand_doc_bib_avail.
|f 1
|g 0
|h N
|i 0
|j NN
|k 1
|
| 999 |
|
|
|a From the UDN01
|
| AVA |
|
|
|a UDN50
|b LNN
|c Russian
|d 646.4009 PH-H
|e available
|t Error 5001 Not defined in file expand_doc_bib_avail.
|f 1
|g 0
|h N
|i 0
|j NN
|k 1
|
| TYP |
|
|
|a Monograph
|
| TYP |
|
|
|a Printed language
|
| 980 |
|
|
|a Mạng thư viện Đại học Đà Nẵng
|